| 000 | 00778cam a2200217 a 4500 | ||
|---|---|---|---|
| 020 | _a0761919333 (cloth : alk. paper) | ||
| 020 | _a0761919341 (pbk. : alk. paper) | ||
| 040 | _cDLC | ||
| 082 | 0 | 0 | _a658 SAG 2001 A117 Or. |
| 100 | 1 | _aLevin, Henry M. | |
| 245 | 1 | 0 |
_aCost-effectiveness analysis : _bmethods and applications / |
| 250 | _a2nd ed. | ||
| 260 |
_aThousand Oaks, Calif. : _bSage Publications, _cc2001. |
||
| 300 |
_axx, 308 p. : _bill. ; _c24 cm. |
||
| 650 | 0 | _aCost effectiveness. | |
| 700 | 1 | _aMcEwan, Patrick J. | |
| 856 | 4 | 2 | _uhttp://www.loc.gov/catdir/enhancements/fy0658/00009499-d.html |
| 856 | 4 | 1 | _uhttp://www.loc.gov/catdir/enhancements/fy0658/00009499-t.html |
| 856 | 4 | 2 | _uhttp://www.loc.gov/catdir/enhancements/fy0734/00009499-b.html |
| 942 | _cAEDBB | ||
| 999 |
_c17554 _d17554 |
||